00821 2200301 4500001002100000005001500021035002500036007000300061008004100064020002200105040001700127041000800144082001500152084001600167090002000183090002100203100001000224245006600234260003600300300003700336504002500373650002900398850001200427999002100439990002100460990001800481990002000499INLIS00000000003360020191028103603 a0010-021800000000326ta180219s2016 yoia g ind d a978-602-401-236-6 aYOPDYOGbind0 aind042[23a005.3 a005.3 Yan B aDEP 005.3 Yan B aCB-D.11 2016-4990 aYanah0 aBelajar mudah aplikasi komputer MYOB accounting V.17 /cYanah aYogyakarta :bDeepublish,c2016 aviii, 56 hlm. :bilus. ;c25 cm. aBibliografi: hlm. 55 4aKomputer dalam akuntansi aYOPDYOG aCB-D.11/2016-499 aCB-D.11/2016-499 a58779-PD/A.18 a64295-PD/A.2019